Normal view
MARC view
Entry Geographic Name
001 - CONTROL NUMBER
- control field: 3172
003 - CONTROL NUMBER IDENTIFIER
- control field: ARRUPE
005 - DATE AND TIME OF LATEST TRANSACTION
- control field: 20131105114730.0
008 - FIXED-LENGTH DATA ELEMENTS
- fixed length control field: 131105|| aca||aabn | a|a d
040 ## - CATALOGING SOURCE
- Original cataloging agency: ARRUPE
- Transcribing agency: ARRUPE
151 ## - HEADING--GEOGRAPHIC NAME
- Geographic name: Youth
- Geographic subdivision: Zambia
- Geographic subdivision: George (Lusaka)
670 ## - SOURCE DATA FOUND
- Source citation: Work cat.: (ARRUPE)0: Schlyter, Ann. 3169, Recycled inequalities :, 1999.